Podpora slovenskému poľnohospodárstvu nižšia ako v EÚ, ale najvyššia z krajín CEFTA
Dotácie pre slovenské poľnohospodárstvo v r. 1999. Dotácie pre agropotravinárstvo, porovnanie s predchádzajúcimi rokmi. Podpora pre poľnohospodárstvo sa vypočítava jednotne, na základe ukazovateľa EPS - ekvivalent produkčných subvencií, pre všetky členské a čakateľské krajiny OECD. Podpora do sloven...
Gespeichert in:
| 1. Verfasser: | |
|---|---|
| Weitere Verfasser: | |
| Format: | Buchkapitel |
| Sprache: | Slowakisch |
| Schlagworte: | |
| Tags: |
Keine Tags, Fügen Sie das erste Tag hinzu!
|
MARC
| LEADER | 00000naa a2200000 4500 | ||
|---|---|---|---|
| 001 | r034151 | ||
| 005 | 20230921103327.1 | ||
| 041 | 0 | |a slo | |
| 044 | |a SK | ||
| 245 | 1 | 0 | |a Podpora slovenskému poľnohospodárstvu nižšia ako v EÚ, ale najvyššia z krajín CEFTA |c Jana Janků, Helena Solíková |
| 520 | |a Dotácie pre slovenské poľnohospodárstvo v r. 1999. Dotácie pre agropotravinárstvo, porovnanie s predchádzajúcimi rokmi. Podpora pre poľnohospodárstvo sa vypočítava jednotne, na základe ukazovateľa EPS - ekvivalent produkčných subvencií, pre všetky členské a čakateľské krajiny OECD. Podpora do slovenského poľnohospodárstva vyjadrená EPS bola nižšia ako v krajinách EÚ a vyššia ako v krajinách CEFTA. | ||
| 610 | 2 | 0 | |a poľnohospodárstvo |
| 610 | 2 | 0 | |a potravinárstvo |
| 610 | 2 | 0 | |a podpory |
| 610 | 2 | 0 | |a dotácie |
| 610 | 2 | 0 | |a subvencie |
| 610 | 2 | 0 | |a Európska únia |
| 610 | 2 | 0 | |a Slovensko |
| 610 | 2 | 0 | |a OECD |
| 100 | 1 | |a Janků, Jana | |
| 700 | 1 | |a Solíková, Helena | |